000 00936nam a2200253Ia 4500
003 OSt
005 20220923213900.0
006 a|||||r|||| 00| 0
007 ta
008 220922b |||||||| |||| 00| 0 hin d
024 _a165,394
037 _cTextual
040 _aARTS
_cARTS
_bhin
041 _2hin
_ahin
082 _aO152,1M971,23, K3
100 _aभट्ट, उदयशंकर
245 0 _aअन्तर्मथन* कैकेयी,रावण, वैदेही और राम के अन्तर्मन का संघर्ष-चित्र
246 _aAntarmathana: kaikeyī,rāvaṇa, vaidehī aur rām ke antarhin kā sangharṣha-chitra
250 _aसंस्क0 2
260 _c1963
650 _aहिन्दी साहित्य
_9156264
942 _hO152,1M971,23, K3
_cTEXL
_2CC
999 _c319873
_d319873